Gendai keiyakuhō no tenkai : (Record no. 1571)

MARC details
000 -LEADER
fixed length control field 01991cam a2200493 a 4500
001 - CONTROL NUMBER
control field data
005 - DATE AND TIME OF LATEST TRANSACTION
control field 20260322212107.0
008 - FIXED-LENGTH DATA ELEMENTS--GENERAL INFORMATION
fixed length control field data
035 ## - SYSTEM CONTROL NUMBER
System control number 12640147
010 ## - LIBRARY OF CONGRESS CONTROL NUMBER
LC control number 2002321028
020 ## - INTERNATIONAL STANDARD BOOK NUMBER
International Standard Book Number 4766804570
020 ## - INTERNATIONAL STANDARD BOOK NUMBER
International Standard Book Number 9784766804577
035 ## - SYSTEM CONTROL NUMBER
System control number (CStRLIN)DCLP02-B413
040 ## - CATALOGING SOURCE
Original cataloging agency JaToTRC
Transcribing agency JaToTRC
Modifying agency DLC
-- NNC-L
-- DLC-R
-- DLC
042 ## - AUTHENTICATION CODE
Authentication code lccopycat
043 ## - GEOGRAPHIC AREA CODE
Geographic area code e-gx---
-- e-gx---
050 00 - LIBRARY OF CONGRESS CALL NUMBER
Classification number KNX858
Item number .G46 2000
066 ## - CHARACTER SETS PRESENT
Alternate G0 or G1 character set $1
245 00 - TITLE STATEMENT
Linkage 880-01
Title Gendai keiyakuhō no tenkai :
Remainder of title Yoshimi Seikō Sensei koki kinen ronbunshū /
Statement of responsibility, etc. [Yoshimi Seikō Sensei Koki Kinen Ronbunshū Kankō Iinkai].
260 ## - PUBLICATION, DISTRIBUTION, ETC.
Linkage 880-02
Place of publication, distribution, etc. Tōkyō :
Name of publisher, distributor, etc. Keizai Hōrei Kenkyūkai,
Date of publication, distribution, etc. 2000.
300 ## - PHYSICAL DESCRIPTION
Extent viii, 506 p. :
Other physical details ill. ;
Dimensions 22 cm.
336 ## - CONTENT TYPE
Content type term text
Content type code txt
Source rdacontent
337 ## - MEDIA TYPE
Media type term unmediated
Media type code n
Source rdamedia
338 ## - CARRIER TYPE
Carrier type term volume
Carrier type code nc
Source rdacarrier
504 ## - BIBLIOGRAPHY, ETC. NOTE
Bibliography, etc. note List of works by S. Yoshimi: p. 488-504.
504 ## - BIBLIOGRAPHY, ETC. NOTE
Bibliography, etc. note Includes bibliographical references.
650 #0 - SUBJECT ADDED ENTRY--TOPICAL TERM
Topical term or geographic name entry element Contracts
Geographic subdivision Japan.
650 #0 - SUBJECT ADDED ENTRY--TOPICAL TERM
Topical term or geographic name entry element Contracts
Geographic subdivision Germany.
650 #0 - SUBJECT ADDED ENTRY--TOPICAL TERM
Topical term or geographic name entry element Contracts.
650 #0 - SUBJECT ADDED ENTRY--TOPICAL TERM
Topical term or geographic name entry element Contracts (International law)
650 #0 - SUBJECT ADDED ENTRY--TOPICAL TERM
Topical term or geographic name entry element Conflict of laws
General subdivision Contracts.
700 1# - ADDED ENTRY--PERSONAL NAME
Linkage 880-03
Personal name Yoshimi, Seikō,
Dates associated with a name 1929-
710 2# - ADDED ENTRY--CORPORATE NAME
Linkage 880-04
Corporate name or jurisdiction name as entry element Yoshimi Seikō Sensei Koki Kinen Ronbunshū Kankō Iinkai.
880 00 - ALTERNATE GRAPHIC REPRESENTATION
Linkage 245-01/$1
a $1!KG!0s!95!Pt!G*i$N!;Z!^S(B :
b $1!9H!R;KGa!2r!2t!Ky!5.!O6!X<!>'!Y$!BX!_A(B /
c [$1!9H!R;KGa!2r!2t!Ky!5.!O6!X<!>'!Y$!BX!_A!3U!WD!9f!6>'CZ(B].
880 ## - ALTERNATE GRAPHIC REPRESENTATION
Linkage 260-02/$1
a $1!D&!0a(B :
b $13Q<?I&!G*!0nKN7!ON'CZ(B,
c 2000.
880 1# - ALTERNATE GRAPHIC REPRESENTATION
Linkage 700-03/$1
a $1!9H!R;KGa!2r(B,
d 1929-
880 2# - ALTERNATE GRAPHIC REPRESENTATION
Linkage 710-04/$1
a $1!9H!R;KGa!2r!2t!Ky!5.!O6!X<!>'!Y$!BX!_A!3U!WD!9f!6>'CZ(B.
906 ## - LOCAL DATA ELEMENT F, LDF (RLIN)
a 7
b cbc
c copycat
d 3
e ncip
f 20
g y-rlinjack
925 0# -
-- acquire
-- 1 shelf copy
-- policy default
955 ## - COPY-LEVEL INFORMATION (RLIN)
-- yg11 2002-01-11
-- yg08 2002-01-14 to BCCD
923 ## -
-- 20011109
-- 30961641
-- JPTC
985 ## -
-- spacingreload
Holdings
Withdrawn status Lost status Damaged status Not for loan Home library Current library Shelving location Date acquired Total checkouts Full call number Barcode Date last seen Price effective from Koha item type
        Liberty Liberty General stacks 22/03/2026   KNX858 LOC-LPL-00034 22/03/2026 22/03/2026 Books